000 00763nam a2200241Ia 4500
003 OSt
005 20220923224937.0
006 a|||||r|||| 00| 0
007 ta
008 220922b |||||||| |||| 00| 0 hin d
024 _a253,983
037 _cTextual
040 _aARTS
_cARTS
_bhin
041 _2hin
_ahin
082 _aO152,3N14:g, M4
100 _aलवटे, सुनील कुमार
245 0 _aयशपाल
_b एक समग्र मूल्यांकन
246 _aYashapāla: ek samagra mūlyāankana
260 _c1984
650 _aहिन्दी साहित्य
_9156264
942 _hO152,3N14:g, M4
_cTEXL
_2CC
999 _c374856
_d374856